| 000 | 00788nam a2200229 a 4500 | ||
|---|---|---|---|
| 005 | 20210223125212.0 | ||
| 008 | 031030s1998 mx r 000 0 spa d | ||
| 020 | _a8446006235 (Akal/diccionarios) | ||
| 020 | _a8446012588 (Akal/básica de bolsillo) | ||
| 035 | _aUPN01000130492 | ||
| 049 | _aC | ||
| 050 | 4 |
_aBF31 _bD5.3 |
|
| 245 | 0 | 0 |
_aDiccionario Akal de psicología / _cdir. Roland Doron, Francoise Parot ; tr. Bernadette Juliette Fabregoul y Agustín Arbesú Castañón. |
| 260 |
_aMadrid : _bAkal, _c1998. |
||
| 300 | _a615 p. | ||
| 440 | 0 |
_aAkal/diccionarios ; _v16 |
|
| 440 | 0 |
_aAkal/básica de bolsillo ; _v112 |
|
| 534 |
_pTraducción de: _tDictionaire de psychologie |
||
| 650 | 4 |
_aPSICOLOGIA - _vDICCIONARIOS _915045 |
|
| 700 | 1 |
_aDoron, Roland, _edir. |
|
| 905 | _aLibro | ||
| 999 |
_c102649 _d102649 |
||